| 000 | 00702nam a2200241Ia 4500 | ||
|---|---|---|---|
| 001 | 3346 | ||
| 003 | GE_BSU | ||
| 008 | 181216s||||||||xx |||||||||||||| ||und|| | ||
| 040 | _cGE_BSU | ||
| 080 | _a628.23(075.8) | ||
| 100 | _aНестеренко,А.В | ||
| 245 | _aОсновы термодинамических расчетов вентиляции икондиционирования воздуха | ||
| 245 | _bУчебное пособие | ||
| 245 | _cРед.А.П.Мартынов | ||
| 250 | _aИзд. третье.доп. | ||
| 260 | _aМ | ||
| 260 | _bВысш. школа | ||
| 260 | _c1971 | ||
| 300 | _a460стр. | ||
| 300 | _bилл. | ||
| 300 | _c21см. | ||
| 942 | _cBK | ||
| 999 |
_c37387 _d37387 |
||